000 00673nam a2200241 a 4500
003 AR-BaBNM
005 20251128203622.0
008 082120s2002 ||||||||||||||000 | spa||
040 _cAR-BaBNM
100 1 _aGarcía Puertas, M.
245 0 0 _aHumanidad y humanismo de Fernando de Herrera
_bel divino
260 _aMontevideo
_bFacultad de Humanidades y Ciencias
_c1954
300 _a76 p.
500 _aContiene referencias bibliográficas en p. 75
650 4 _aLITERATURA ESPAÑOLA
650 4 _aCRITICA LITERARIA
650 4 _aBIOGRAFIAS
650 4 _aHISTORIA LITERARIA
653 _aSIGLO DE ORO
655 _aLITERATURA
942 _cBK
998 _cMARTIN
999 _c4166
_d4166